| 000 | 00458pab a2200157 454500 | ||
|---|---|---|---|
| 008 | 180718b2004 xxu||||| |||| 00| 0 eng d | ||
| 100 | _aMahadeva, M. | ||
| 245 | _aHousing problem and public action: continued incompatibility experience from a South Indian State | ||
| 260 | _c2004 | ||
| 300 | _ap.41-67. | ||
| 362 | _aJan-Jun | ||
| 650 | _aHousing -India - Karnataka | ||
| 650 | _aHousing | ||
| 773 | _aReview of Development and Change | ||
| 909 | _a62857 | ||
| 999 |
_c62857 _d62857 |
||